[Event "Condom op-B"]
[Site "Condom"]
[Date "2009.07.13"]
[Round "3"]
[White "Broly, Jean Christophe"]
[Black "Broly, Marine"]
[Result "1-0"]
[WhiteElo "1474"]
[BlackElo "1540"]
[PlyCount "35"]
[EventDate "2009.07.11"]
[EventType "swiss"]
[EventRounds "9"]
[EventCountry "FRA"]
[SourceTitle "CBM 131 Extra"]
[Source "ChessBase"]
[SourceDate "2009.09.03"]
[SourceVersion "2"]
[SourceVersionDate "2009.09.16"]
[SourceQuality "1"]

1. Nf3 d5 2. d4 Nf6 3. e3 e6 4. c4 dxc4 5. Bxc4 a6 6. a4 c5 7. 0-0 b6 8. Re1 Bb7 9. Nc3 Nbd7 10. e4 cxd4 11. Nxd4 Bb4 12. e5 Nd5 13. Qg4 Nxc3 14. Qxg7 Rf8 15. Bg5 Qc7 16. Nxe6 fxe6 17. bxc3 Bxc3 18. Qe7# 1-0

[Event "Condom op-B"]
[Site "Condom"]
[Date "2009.07.12"]
[Round "2"]
[White "Bernard, Christophe"]
[Black "Broly, Jean Christophe"]
[Result "0-1"]
[WhiteElo "1440"]
[BlackElo "1474"]
[PlyCount "96"]
[EventDate "2009.07.11"]
[EventType "swiss"]
[EventRounds "9"]
[EventCountry "FRA"]
[SourceTitle "CBM 131 Extra"]
[Source "ChessBase"]
[SourceDate "2009.09.03"]
[SourceVersion "2"]
[SourceVersionDate "2009.09.16"]
[SourceQuality "1"]

1. e4 c6 2. d4 d5 3. exd5 cxd5 4. h3 Bf5 5. Bb5+ Nc6 6. Nf3 Qb6 7. Nc3 e6 8. a3 Nf6 9. Qe2 Bd6 10. 0-0 0-0 11. Bg5 Nxd4 12. Nxd4 Qxd4 13. Rad1 Qe5 14. Qxe5 Bxe5 15. Ba4 Bxc3 16. bxc3 Ne4 17. Bb3 Nxc3 18. Rde1 Ne4 19. Be3 Rfd8 20. h4 d4 21. Bc1 Nc5 22. Rd1 Nxb3 23. cxb3 Bc2 24. Rd2 Bxb3 25. Bb2 d3 26. Rb1 Bc2 27. Re1 Rac8 28. Rc1 h6 29. f3 a5 30. Kf2 b5 31. Ke3 b4 32. a4 Bxa4 33. Ra1 Bc2 34. Rxa5 Ra8 35. Rc5 b3 36. Rb5 Ra2 37. Bc3 Rc8 38. Bd4 f6 39. f4 Rc4 40. Rxd3 Bxd3 41. Kxd3 Rxd4+ 42. Kxd4 Rxg2 43. Rxb3 Rg4 44. Kc5 Rxf4 45. Kd6 Rxh4 46. Kxe6 Re4+ 47. Kf5 Re5+ 48. Kg6 Rg5# 0-1

[Event "Condom op-B"]
[Site "Condom"]
[Date "2009.07.11"]
[Round "1"]
[White "Broly, Jean Christophe"]
[Black "Charruyer, Baptiste"]
[Result "1/2-1/2"]
[WhiteElo "1474"]
[BlackElo "1670"]
[PlyCount "61"]
[EventDate "2009.07.11"]
[EventType "swiss"]
[EventRounds "9"]
[EventCountry "FRA"]
[SourceTitle "CBM 131 Extra"]
[Source "ChessBase"]
[SourceDate "2009.09.03"]
[SourceVersion "2"]
[SourceVersionDate "2009.09.16"]
[SourceQuality "1"]

1. Nf3 d5 2. d4 Nf6 3. e3 c6 4. Nbd2 Bf5 5. c4 e6 6. Qb3 Qb6 7. Ne5 Nbd7 8. Ndf3 Qxb3 9. axb3 Bb4+ 10. Bd2 Bxd2+ 11. Nxd2 Nxe5 12. dxe5 Nd7 13. Nf3 0-0 14. Nd4 Nxe5 15. cxd5 cxd5 16. Nb5 Rfd8 17. Rxa7 Rxa7 18. Nxa7 Ra8 19. f4 Rxa7 20. fxe5 Bd3 21. Kd2 Be4 22. Bb5 Ra2 23. Kc3 Ra5 24. Kb4 Ra2 25. Rc1 g5 26. Rc8+ Kg7 27. Rc7 Rxb2 28. Bd7 Bf5 29. Be8 Bg6 30. Bd7 Bf5 31. Be8 1/2-1/2